| 000 | 00685nam a2200193Ia 4500 | ||
|---|---|---|---|
| 003 | GCL | ||
| 005 | 20240530110920.0 | ||
| 008 | 140319s9999 xx 000 0 ara d | ||
| 040 |
_aGCL / _cGCL |
||
| 082 | 0 | 4 |
_a810.96\ _bع ا |
| 100 | 0 | _aعلى محمد سلامة | |
| 245 | 1 | 2 |
_aالادب العربى فى الاندلس : _bتطوره - موضوعاته واشهر اعلامه _cعلى محمد سلامة |
| 260 |
_aبيروت : _bالدار العربية للموسوعات، _c1989 |
||
| 300 |
_a526 ص ؛ _c24 سم |
||
| 650 | 0 | 4 | _aالادب العربى |
| 650 | 0 | 4 | _aالادب الاندلسى |
| 650 | 0 | 4 | _aالموشحات الاندلسية |
| 942 |
_2ddc _cBK |
||
| 999 |
_c66473 _d66473 |
||